[Event "SVK-chT1W 0304"]
[Site "Slovakia"]
[Date "2004.??.??"]
[Round "8"]
[White "Zamecnik, Frantisek"]
[Black "Kohlman, Robert"]
[Result "1/2-1/2"]
[WhiteElo "2125"]
[BlackElo "2210"]
[PlyCount "34"]
[EventDate "2003.10.??"]
[EventType "team"]
[EventRounds "9"]
[EventCountry "SVK"]
[SourceTitle "EXT 2007"]
[Source "ChessBase"]
[SourceDate "2006.11.23"]
[SourceVersion "1"]
[SourceVersionDate "2006.11.23"]
[SourceQuality "1"]

1. d4 d6 2. c4 e5 3. Nf3 e4 4. Nfd2 f5 5. e3 Nf6 6. Nc3 g6 7. Be2 Bg7 8. 0-0 0-0 9. f4 c5 10. b3 Nc6 11. dxc5 dxc5 12. Bb2 Be6 13. a3 Qe7 14. Qc2 Rfd8 15. Rfd1 Rac8 16. Nf1 Rxd1 17. Rxd1 Rd8 1/2-1/2

[Event "SVK-chT1W 0304"]
[Site "Slovakia"]
[Date "2003.??.??"]
[Round "2"]
[White "Zamecnik, Frantisek"]
[Black "Stepanovic, Branislav"]
[Result "0-1"]
[WhiteElo "2125"]
[BlackElo "2090"]
[PlyCount "64"]
[EventDate "2003.10.??"]
[EventType "team"]
[EventRounds "9"]
[EventCountry "SVK"]
[SourceTitle "EXT 2007"]
[Source "ChessBase"]
[SourceDate "2006.11.23"]
[SourceVersion "1"]
[SourceVersionDate "2006.11.23"]
[SourceQuality "1"]

1. d4 Nf6 2. Nf3 d5 3. c4 c6 4. cxd5 cxd5 5. Nc3 Nc6 6. Bg5 Ne4 7. Bd2 Nxd2 8. Qxd2 Bf5 9. e3 a6 10. Be2 e6 11. 0-0 Bd6 12. Ne1 0-0 13. f4 f6 14. Nf3 g5 15. g3 b5 16. Rac1 Na5 17. fxg5 fxg5 18. e4 Bh3 19. Rf2 h6 20. exd5 exd5 21. Bf1 Nc4 22. Bxc4 dxc4 23. Re1 Ra7 24. Ne4 Raf7 25. Qe3 Bb4 26. Ree2 Re7 27. Nfxg5 hxg5 28. Qxg5+ Rg7 29. Rxf8+ Qxf8 30. Nf6+ Kf7 31. Qf4 Qd6 32. Ne4+ Qxf4 0-1

[Event "SVK-chT1W 0102"]
[Site "Slovakia"]
[Date "2002.??.??"]
[Round "8"]
[White "Gulbis, Adrian"]
[Black "Zamecnik, Frantisek"]
[Result "1/2-1/2"]
[WhiteElo "2020"]
[BlackElo "2135"]
[PlyCount "34"]
[EventDate "2001.10.??"]
[EventType "team"]
[EventRounds "11"]
[EventCountry "SVK"]
[SourceTitle "EXT 2009"]
[Source "ChessBase"]
[SourceDate "2008.11.26"]
[SourceVersion "1"]
[SourceVersionDate "2008.11.26"]
[SourceQuality "1"]

1. d4 Nf6 2. c4 e6 3. Nf3 b6 4. g3 Bb7 5. Bg2 c5 6. d5 exd5 7. Nh4 g6 8. cxd5 Bg7 9. Nc3 0-0 10. 0-0 d6 11. e4 Re8 12. Re1 a6 13. a4 Qc7 14. b3 Nbd7 15. Bb2 Rad8 16. Rc1 Bc8 17. h3 Qb8 1/2-1/2

[Event "SVK-chT1W 0001"]
[Site "Slovakia"]
[Date "2000.??.??"]
[Round "2"]
[White "Bisco, Igor"]
[Black "Zamecnik, Frantisek"]
[Result "1/2-1/2"]
[WhiteElo "2141"]
[BlackElo "2174"]
[PlyCount "35"]
[EventDate "2000.??.??"]
[EventType "team"]
[EventRounds "11"]
[EventCountry "SVK"]
[SourceTitle "EXT 2002"]
[Source "ChessBase"]
[SourceDate "2001.11.25"]
[SourceVersion "1"]
[SourceVersionDate "2001.11.25"]
[SourceQuality "1"]

1. e4 e5 2. Nf3 Nf6 3. d3 d6 4. Be2 Be7 5. 0-0 0-0 6. Nbd2 c5 7. c3 Nc6 8. Qc2 d5 9. Rd1 Bg4 10. Nf1 d4 11. Ng3 Bxf3 12. Bxf3 h6 13. Nf5 Nh7 14. Qb3 Rb8 15. Bd2 Bg5 16. Be1 g6 17. Ng3 h5 18. Nf1 1/2-1/2

[Event "SVK-chT2A 9899"]
[Site "Slovakia"]
[Date "1998.??.??"]
[Round "8"]
[White "Zamecnik, Frantisek"]
[Black "Krajcovic, Branislav"]
[Result "1/2-1/2"]
[WhiteElo "2185"]
[BlackElo "2145"]
[PlyCount "33"]
[EventDate "1998.??.??"]
[EventType "team"]
[EventRounds "9"]
[EventCountry "SVK"]
[SourceTitle "EXT 2001"]
[Source "ChessBase"]
[SourceDate "2000.11.22"]
[SourceVersion "1"]
[SourceVersionDate "2000.11.22"]
[SourceQuality "1"]

1. d4 d5 2. Nf3 Nf6 3. c4 e6 4. Nc3 Be7 5. Bg5 0-0 6. e3 Nbd7 7. Bd3 Re8 8. 0-0 c6 9. Rc1 dxc4 10. Bxc4 Nd5 11. Bxe7 Qxe7 12. Bb3 N5f6 13. e4 Rd8 14. e5 Nd5 15. Ne4 Nf8 16. Qe2 Bd7 17. Rfd1 1/2-1/2

[Event "SVK-chT2A 9798"]
[Site "Slovakia"]
[Date "1997.??.??"]
[Round "?"]
[White "Faltan, Peter"]
[Black "Zamecnik, Frantisek"]
[Result "0-1"]
[WhiteElo "2110"]
[BlackElo "2185"]
[PlyCount "108"]
[EventDate "1997.??.??"]
[EventType "team"]
[EventRounds "11"]
[EventCountry "SVK"]
[SourceTitle "EXT 2001"]
[Source "ChessBase"]
[SourceDate "2000.11.22"]
[SourceVersion "1"]
[SourceVersionDate "2000.11.22"]
[SourceQuality "1"]

1. d4 Nf6 2. c4 e6 3. Nc3 d5 4. Bg5 Be7 5. Nf3 0-0 6. e3 Nbd7 7. Rc1 c6 8. Be2 Re8 9. 0-0 b6 10. h3 Bb7 11. Bf4 c5 12. Nb5 Rf8 13. Bc7 Qc8 14. Bh2 Ne8 15. Re1 a6 16. Nc3 cxd4 17. Qxd4 Bf6 18. Qd2 dxc4 19. Bxc4 Qxc4 20. Qxd7 Bxf3 21. gxf3 Bxc3 22. Rxc3 Qxa2 23. Qd2 Qa5 24. Qe2 Nf6 25. e4 Rfd8 26. Rd1 Qh5 27. Rcd3 Rxd3 28. Qxd3 h6 29. Kg2 Qg5+ 30. Kf1 Nh5 31. Qe3 Qb5+ 32. Qe2 Qxe2+ 33. Kxe2 Rc8 34. Rd2 f6 35. Ke3 e5 36. f4 exf4+ 37. Bxf4 Nxf4 38. Kxf4 Rc5 39. b4 Rc4 40. Ra2 Rxb4 41. Rxa6 Kf7 42. Kf5 g6+ 43. Kf4 f5 44. f3 Kf6 45. h4 g5+ 46. hxg5+ hxg5+ 47. Kg3 fxe4 48. fxe4 Ke5 49. Kg4 Kxe4 50. Kxg5 b5 51. Rb6 Rb1 52. Rb8 b4 53. Kf6 b3 54. Ke6 Kd4 0-1

[Event "SVK-chT 9596"]
[Site "Slovakia"]
[Date "1996.??.??"]
[Round "6"]
[White "Ruckschloss, Karol"]
[Black "Zamecnik, Frantisek"]
[Result "1-0"]
[WhiteElo "2240"]
[BlackElo "2290"]
[PlyCount "33"]
[EventDate "1995.??.??"]
[EventType "team"]
[EventRounds "13"]
[EventCountry "SVK"]
[SourceTitle "EXT 1998"]
[Source "ChessBase"]
[SourceDate "1997.11.17"]
[SourceVersion "1"]
[SourceVersionDate "1997.11.17"]
[SourceQuality "1"]

1. c4 Nf6 2. d4 e6 3. Nf3 b6 4. Nc3 Bb7 5. e3 d5 6. cxd5 exd5 7. Ne5 Bd6 8. Bb5+ c6 9. Bd3 0-0 10. 0-0 Nbd7 11. f4 Rc8 12. Qf3 Qe7 13. Bd2 c5 14. Be1 Bb8 15. Bh4 cxd4 16. Nxd7 dxc3 17. Bxf6 1-0

[Event "SVK-chT 9596"]
[Site "Slovakia"]
[Date "1996.??.??"]
[Round "12"]
[White "Szitkey, Milan"]
[Black "Zamecnik, Frantisek"]
[Result "1/2-1/2"]
[WhiteElo "2330"]
[BlackElo "2290"]
[PlyCount "83"]
[EventDate "1995.??.??"]
[EventType "team"]
[EventRounds "13"]
[EventCountry "SVK"]
[SourceTitle "EXT 1998"]
[Source "ChessBase"]
[SourceDate "1997.11.17"]
[SourceVersion "1"]
[SourceVersionDate "1997.11.17"]
[SourceQuality "1"]

1. e4 e5 2. Nf3 Nf6 3. Nxe5 d6 4. Nf3 Nxe4 5. d4 d5 6. Bd3 Nc6 7. Nbd2 Nf6 8. 0-0 Be7 9. c3 0-0 10. Ne5 Nxe5 11. dxe5 Ng4 12. Qe2 f6 13. e6 Ne5 14. Bf5 g6 15. Bh3 Nc6 16. Nf3 f5 17. Bh6 Rf6 18. Ng5 Qd6 19. Rfe1 Nd8 20. Rad1 Nxe6 21. c4 Nxg5 22. Qxe7 Nxh3+ 23. gxh3 Qxe7 24. Rxe7 g5 25. Re8+ Kf7 26. Rf8+ Kg6 27. Rxf6+ Kxf6 28. h4 gxh4 29. cxd5 Bd7 30. Bf4 Rg8+ 31. Kf1 Bb5+ 32. Ke1 Re8+ 33. Kd2 Re2+ 34. Kc3 Rxf2 35. Bxc7 Ba4 36. Rd2 Rxd2 37. Kxd2 Kg5 38. b3 Bb5 39. Ke3 Kg4 40. b4 h5 41. a3 a6 42. Be5 1/2-1/2

[Event "SVK-chT2B 9394"]
[Site "Slovakia"]
[Date "1994.??.??"]
[Round "10"]
[White "Hukel, Juraj"]
[Black "Zamecnik, Frantisek"]
[Result "0-1"]
[WhiteElo "2040"]
[BlackElo "2290"]
[PlyCount "48"]
[EventDate "1993.??.??"]
[EventType "team"]
[EventRounds "14"]
[EventCountry "SVK"]
[SourceTitle "EXT 2001"]
[Source "ChessBase"]
[SourceDate "2000.11.22"]
[SourceVersion "1"]
[SourceVersionDate "2000.11.22"]
[SourceQuality "1"]

1. c4 Nf6 2. Nc3 e6 3. g3 d5 4. cxd5 exd5 5. d4 Be7 6. Bg2 0-0 7. e3 Re8 8. Nge2 c6 9. 0-0 Nbd7 10. b3 Nf8 11. Bb2 Ng6 12. Rc1 h5 13. Nf4 Nxf4 14. exf4 h4 15. h3 Bd6 16. Qf3 Bf5 17. Rfe1 Qd7 18. Kh2 Re7 19. Rxe7 Qxe7 20. Qe3 hxg3+ 21. Kxg3 Nh5+ 22. Kf3 Qh4 23. Re1 Nxf4 24. Bc1 Qh5+ 0-1

[Event "SVK-chT2B 9394"]
[Site "Slovakia"]
[Date "1994.??.??"]
[Round "11"]
[White "Javorka, Jan"]
[Black "Zamecnik, Frantisek"]
[Result "0-1"]
[WhiteElo "1750"]
[BlackElo "2290"]
[PlyCount "54"]
[EventDate "1993.??.??"]
[EventType "team"]
[EventRounds "14"]
[EventCountry "SVK"]
[SourceTitle "EXT 2001"]
[Source "ChessBase"]
[SourceDate "2000.11.22"]
[SourceVersion "1"]
[SourceVersionDate "2000.11.22"]
[SourceQuality "1"]

1. e4 e5 2. Nf3 Nf6 3. Bc4 Nc6 4. d4 Nxe4 5. dxe5 Bc5 6. Qd5 Bxf2+ 7. Kf1 0-0 8. Qxe4 Bb6 9. Nc3 d6 10. Bf4 dxe5 11. Bxe5 Qe7 12. Nd5 Qc5 13. Nxb6 axb6 14. Rd1 b5 15. Bb3 Be6 16. Bxc7 Rfe8 17. Qf4 Ra4 18. Qd2 Re4 19. c3 b4 20. Bd6 Qb6 21. Qf2 Qa6+ 22. Kg1 Re2 23. Qf1 Bxb3 24. axb3 Qb6+ 25. Rd4 Nxd4 26. cxd4 Qxd6 27. Ne5 Qxd4+ 0-1

[Event "SVK-chT2B 9394"]
[Site "Slovakia"]
[Date "1994.??.??"]
[Round "12"]
[White "Kovacocy, Pavol"]
[Black "Zamecnik, Frantisek"]
[Result "1/2-1/2"]
[WhiteElo "2035"]
[BlackElo "2290"]
[PlyCount "49"]
[EventDate "1993.??.??"]
[EventType "team"]
[EventRounds "14"]
[EventCountry "SVK"]
[SourceTitle "EXT 2001"]
[Source "ChessBase"]
[SourceDate "2000.11.22"]
[SourceVersion "1"]
[SourceVersionDate "2000.11.22"]
[SourceQuality "1"]

1. e4 e5 2. Nf3 Nf6 3. Nxe5 d6 4. Nf3 Nxe4 5. Qe2 Qe7 6. d3 Nf6 7. Bg5 Qxe2+ 8. Bxe2 Be7 9. Nc3 c6 10. 0-0-0 Na6 11. Rhe1 Nc7 12. d4 Be6 13. Bxf6 Bxf6 14. Ne4 Be7 15. Nfg5 0-0-0 16. Nxe6 fxe6 17. f4 Rdf8 18. g3 h6 19. Bg4 g5 20. fxg5 hxg5 21. Re2 Rh6 22. Rde1 Kd7 23. Nd2 Rhf6 24. c3 Bd8 25. Kc2 1/2-1/2

[Event "SVK-chT2B 9394"]
[Site "Slovakia"]
[Date "1993.??.??"]
[Round "4"]
[White "Krajcovic, Branislav"]
[Black "Zamecnik, Frantisek"]
[Result "1/2-1/2"]
[WhiteElo "2120"]
[BlackElo "2290"]
[PlyCount "42"]
[EventDate "1993.??.??"]
[EventType "team"]
[EventRounds "14"]
[EventCountry "SVK"]
[SourceTitle "EXT 2001"]
[Source "ChessBase"]
[SourceDate "2000.11.22"]
[SourceVersion "1"]
[SourceVersionDate "2000.11.22"]
[SourceQuality "1"]

1. e4 e5 2. Nf3 Nf6 3. Nxe5 d6 4. Nf3 Nxe4 5. d4 d5 6. Bd3 Nc6 7. 0-0 Bg4 8. c4 Nf6 9. Nc3 Be7 10. cxd5 Nxd5 11. Qb3 Be6 12. Bc4 Nxc3 13. bxc3 Bxc4 14. Qxc4 0-0 15. Qb5 Rb8 16. Rb1 a6 17. Qh5 Bf6 18. Bf4 Re8 19. Qh3 Ne7 20. Ng5 Bxg5 21. Bxg5 Qd5 1/2-1/2

[Event "CSR-ch"]
[Site "Bratislava"]
[Date "1991.??.??"]
[Round "6"]
[White "Ruckschloss, Karol"]
[Black "Zamecnik, Frantisek"]
[Result "1/2-1/2"]
[WhiteElo "2315"]
[BlackElo "2270"]
[PlyCount "44"]
[EventDate "1991.??.??"]
[EventType "swiss"]
[EventRounds "11"]
[EventCountry "CZE"]
[SourceTitle "EXT 1997"]
[Source "ChessBase"]
[SourceDate "1996.11.15"]
[SourceVersion "1"]
[SourceVersionDate "1996.11.15"]
[SourceQuality "1"]

1. c4 Nf6 2. Nc3 e6 3. d4 d5 4. e3 Be7 5. Nf3 0-0 6. Bd3 b6 7. 0-0 Bb7 8. cxd5 exd5 9. b3 c5 10. dxc5 bxc5 11. Bb2 Nbd7 12. Rc1 Re8 13. Bb1 Qb6 14. Na4 Qd6 15. Ba3 Rac8 16. Nd4 g6 17. Ne2 Qb8 18. Nac3 Bd6 19. h3 Ba8 20. Kh1 Qb7 21. Rg1 Bb8 22. Qd2 Ne5 1/2-1/2

[Event "CSR-ch"]
[Site "Bratislava"]
[Date "1991.??.??"]
[Round "5"]
[White "Zamecnik, Frantisek"]
[Black "Drtina, Milan"]
[Result "1/2-1/2"]
[WhiteElo "2270"]
[BlackElo "2270"]
[PlyCount "31"]
[EventDate "1991.??.??"]
[EventType "swiss"]
[EventRounds "11"]
[EventCountry "CZE"]
[SourceTitle "EXT 1997"]
[Source "ChessBase"]
[SourceDate "1996.11.15"]
[SourceVersion "1"]
[SourceVersionDate "1996.11.15"]
[SourceQuality "1"]

1. d4 d5 2. Nf3 Nf6 3. c4 e6 4. Bg5 c6 5. cxd5 exd5 6. Nc3 Be7 7. Qc2 0-0 8. e3 h6 9. Bh4 Re8 10. Bd3 Nbd7 11. 0-0 Ne4 12. Bxe7 Qxe7 13. Bxe4 dxe4 14. Nd2 Nf6 15. Rae1 Bf5 16. f3 1/2-1/2

[Event "CSR-ch"]
[Site "Bratislava"]
[Date "1991.??.??"]
[Round "1"]
[White "Zamecnik, Frantisek"]
[Black "Priehoda, Vitezslav"]
[Result "0-1"]
[WhiteElo "2270"]
[BlackElo "2365"]
[PlyCount "88"]
[EventDate "1991.??.??"]
[EventType "swiss"]
[EventRounds "11"]
[EventCountry "CZE"]
[SourceTitle "EXT 1997"]
[Source "ChessBase"]
[SourceDate "1996.11.15"]
[SourceVersion "1"]
[SourceVersionDate "1996.11.15"]
[SourceQuality "1"]

1. d4 Nf6 2. Nf3 e6 3. c4 c5 4. e3 d5 5. Nc3 Nc6 6. a3 cxd4 7. exd4 Be7 8. Bd3 0-0 9. 0-0 dxc4 10. Bxc4 b6 11. d5 exd5 12. Nxd5 Nxd5 13. Bxd5 Bb7 14. Bf4 Bf6 15. Rc1 Rc8 16. Rc2 Qd7 17. Rd2 Qf5 18. Bg3 Rfd8 19. Re1 h6 20. Qb3 Qh5 21. Qd1 Rd7 22. Bxc6 Rxd2 23. Qxd2 Bxc6 24. Ne5 Be8 25. Nc4 Bc6 26. Nd6 Rd8 27. b4 Qd5 28. Qxd5 Bxd5 29. h3 g6 30. Re2 a6 31. Rd2 Be6 32. Rc2 h5 33. Rc6 h4 34. Bh2 Bd4 35. g4 hxg3 36. Bxg3 Bxh3 37. Kh2 Be6 38. Rc7 Kg7 39. Ra7 Bd5 40. Bf4 Bxf2 41. Be5+ Kg8 42. Nb7 Re8 43. Bf6 b5 44. Nc5 Re1 0-1